000 01260cam a22003377a 4500
003 CHAP
005 20220329134723.0
008 971013s1975 r 00010 d
010 _a24795
011 _a25767
035 _a29867
040 _cCHAP
082 _a972.083
_bI5
110 _aInstituto de Estudios Políticos, Económicos y Sociales. México
_959122
245 1 3 _aLa política presidencial
260 _aMéxico, D.F. :
_bInstituto de Estudios Políticos, Económicos y Sociales,
_c1975
300 _a166 p
490 0 _aArchivos del IEPES. Temas nacionales
_v; 8
590 _aBATCH-UPD
_b10
_c20130110
_lUCH01
_h1807
590 _aBATCH-UPD
_b10
_c20130410
_lUCH01
_h1143
590 _aBATCH-UPD
_b10
_c20130914
_lUCH01
_h1825
590 _aBATCH-UPD
_b10
_c20161124
_lUCH01
_h1708
590 _aCONVERSION
_b10
_c20130109
_lUCH01
_h1314
651 4 _aMéxico
_xPolítica y gobierno.
_976783
830 0 _aArchivos del IEPES. Temas nacionales
_v; 8
_96812
901 _aBK
942 _cLIBRO
949 _a972.083 I5
_bBC
_cLIBRO
_d33724000147781
_eLIBRO
_fc.3
_h43919
_i29867
_mD
_sb
949 _a972.083 I5
_bBC
_cLIBRO
_d33724000147799
_eLIBRO
_fc.2
_h43918
_i29867
_mD
_si
949 _a972.083 I5
_bBC
_cLIBRO
_d33724000147807
_eLIBRO
_fc.4
_h43920
_i29867
_mD
_si
999 _c24795
_d24795